[Event "Yangon schev"]
[Site "Yangon"]
[Date "1999.02.13"]
[Round "14"]
[White "Wong, Meng Kong"]
[Black "Win, Zaw Tun"]
[Result "1-0"]
[WhiteElo "2459"]
[BlackElo "2503"]
[PlyCount "59"]
[EventDate "1999.01.??"]
[EventType "schev"]
[EventRounds "14"]
[EventCountry "BUR"]
[SourceTitle "EXT 2000"]
[Source "ChessBase"]
[SourceDate "1999.11.16"]
[SourceVersion "1"]
[SourceVersionDate "1999.11.16"]
[SourceQuality "1"]

1. Nf3 e6 2. b3 d5 3. Bb2 Nf6 4. e3 c5 5. Bb5+ Bd7 6. Be2 Bd6 7. c4 dxc4 8. bxc4 Bc6 9. 0-0 Nbd7 10. Nc3 Ne5 11. d4 cxd4 12. exd4 Nxf3+ 13. Bxf3 Bxf3 14. Qxf3 Qc7 15. Nb5 Bxh2+ 16. Kh1 Qxc4 17. a4 a6 18. Na3 Qc7 19. g3 Bxg3 20. fxg3 0-0 21. Rac1 Qd7 22. Nc4 Qxa4 23. Ba3 h5 24. Bxf8 Rxf8 25. Qxb7 Qa2 26. Ne5 Qd2 27. Rc8 Rxc8 28. Qxc8+ Kh7 29. Qb7 h4 30. Nf3 1-0

[Event "Yangon schev"]
[Site "Yangon"]
[Date "1999.02.08"]
[Round "9"]
[White "Win, Zaw Tun"]
[Black "Mas, Hafizulhelmi"]
[Result "0-1"]
[WhiteElo "2503"]
[BlackElo "2401"]
[PlyCount "52"]
[EventDate "1999.01.??"]
[EventType "schev"]
[EventRounds "14"]
[EventCountry "BUR"]
[SourceTitle "EXT 2000"]
[Source "ChessBase"]
[SourceDate "1999.11.16"]
[SourceVersion "1"]
[SourceVersionDate "1999.11.16"]
[SourceQuality "1"]

1. d4 d6 2. Nf3 Bg4 3. e4 Nd7 4. Bc4 e6 5. Nc3 a6 6. a4 c5 7. dxc5 Nxc5 8. 0-0 Rc8 9. Qe2 Qf6 10. Qe3 Bxf3 11. gxf3 Ne7 12. Be2 Nc6 13. f4 g6 14. Bd2 Bh6 15. Qh3 Bg7 16. b4 Nxb4 17. Nb5 axb5 18. Bxb4 0-0 19. Bxc5 Rxc5 20. Bxb5 Qxf4 21. Ra3 Qxe4 22. Rg3 Qxc2 23. Bd3 Qd2 24. Rb1 Rc1+ 25. Rxc1 Qxc1+ 26. Kg2 Qc6+ 0-1